Obálka Náhled e-knihy:
PDF
Pro půjčování e-knih musíte být přihlášeni.
Jak si půjčit online?

Chorvatskem na kole /

Průvodce s více než padesáti trasami pro cyklisty - s minimálním provozem, kulturně i historicky obohacujícími a s původním středomořsko-balkánským duchem. Nechybí QR kódy s mapami tras nebo tipy na výletní cíle a místní gurmánské speciality.

Uloženo v:
Hlavní autor: Chrpová, Slávka (Autor)
Další autoři: Kukal, Zdeněk, 1963- (Autor), Rauch, Stanislav, 1953- (Autor)
Médium: E-kniha
Jazyk:Czech
Vydáno: Praha : Euromedia Group, 2025
Vydání:Vydání první
Edice:Universum (Euromedia Group)
Témata:
Tagy:
Žádné tagy
LEADER 02673nam a2200601 i 4500
001 299239
003 CZ PrSKC
005 20260427063200.0
007 ta
008 250220s2025 xr ab e f 000 0 cze
015 |a cnb003673526 
020 |a 9788028404888  |q (vázáno) 
035 |a (OCoLC)1527577771 
040 |a OLA001  |b cze  |d ABA001  |e rda 
043 |a e-ci--- 
072 7 |a 913(4)  |x Geografie Evropy, reálie, cestování  |2 Konspekt 
080 |a 796.61  |2 MRF 
080 |a 796.6:625.7  |2 MRF 
080 |a 913:338.483.1  |2 MRF 
080 |a 913(497.5)  |2 MRF 
080 |a (497.5)  |2 MRF 
080 |a (036)796.61  |2 MRF 
100 1 |a Chrpová, Slávka  |7 xx0332032  |4 aut 
245 1 0 |a Chorvatskem na kole /  |c Slávka Chrpová, Zdeněk Kukal, Stanislav Rauch 
250 |a Vydání první 
264 1 |a Praha :  |b Euromedia Group,  |c 2025 
300 |a 163 stran :  |b barevné ilustrace, mapy ;  |c 23 cm 
336 |a text  |b txt  |2 rdacontent 
336 |a statický obraz  |b sti  |2 rdacontent 
337 |a bez média  |b n  |2 rdamedia 
338 |a svazek  |b nc  |2 rdacarrier 
490 1 |a Universum 
500 |a Obálkový podnázev: 20 oblastí, 50+ tras - ostrovy, pobřeží i vnitrozemí 
500 |a Obsahuje QR kódy s dalšími materiály 
520 2 |a Průvodce s více než padesáti trasami pro cyklisty - s minimálním provozem, kulturně i historicky obohacujícími a s původním středomořsko-balkánským duchem. Nechybí QR kódy s mapami tras nebo tipy na výletní cíle a místní gurmánské speciality. 
650 0 7 |a cykloturistika  |7 ph114274  |z Chorvatsko  |2 czenas 
650 0 7 |a cyklistické trasy  |7 ph1246710  |z Chorvatsko  |2 czenas 
650 0 7 |a turistické zajímavosti  |7 ph126800  |z Chorvatsko  |2 czenas 
650 0 9 |a bicycle touring  |z Croatia  |2 eczenas 
650 0 9 |a cycling routes  |z Croatia  |2 eczenas 
650 0 9 |a tourist sights  |z Croatia  |2 eczenas 
651 7 |a Chorvatsko  |7 ge128941  |x reálie  |2 czenas 
651 9 |a Croatia  |x description and travel  |2 eczenas 
655 7 |a cykloturistické průvodce  |7 fd269224  |2 czenas 
655 9 |a cycling guidebooks  |2 eczenas 
700 1 |a Kukal, Zdeněk,  |d 1963-  |7 xx0332245  |4 aut 
700 1 |a Rauch, Stanislav,  |d 1953-  |7 jx20100929018  |4 aut 
830 0 |a Universum (Euromedia Group) 
900 |a ABA001  |b 19 
044 |a xr 
910 |a RBIT002 
998 |d 419488  |a https://core.palmknihy.cz/api/books/419488/cover?svuiuy  |b https://core.palmknihy.cz/api/books/419488/cover/400?svuiuy  |c https://core.palmknihy.cz/api/books/419488/cover/50?svuiuy  |e 2030-01-20  |g 168  |i 9788028404888  |k https://core.palmknihy.cz/api/books/419488/preview.pdf  |l   |q 49  |r 1  |s https://www.palmknihy.cz/kniha/419488  |t ebook  |y 2025  |z 0 
999 |d 299237